Fast typing 1 to 50 - Statistics

General Stats
  • This quiz has been taken 681 times
  • The average score is 35 of 50
Answer Stats
Answer % Correct
1
100%
3
100%
2
99%
4
98%
5
98%
6
97%
7
97%
8
95%
9
94%
10
88%
12
86%
11
85%
13
84%
14
84%
16
84%
15
83%
17
83%
18
83%
19
81%
20
81%
21
81%
22
78%
23
77%
24
74%
25
73%
26
73%
27
72%
28
71%
29
70%
30
67%
31
63%
32
63%
33
60%
34
57%
35
57%
36
56%
37
53%
38
52%
39
51%
40
51%
41
47%
42
46%
44
46%
43
45%
45
44%
46
43%
47
40%
50
39%
48
38%
49
35%
No matching quizzes found
Score Distribution
Percent of People with Each Score
Percentile by Number Answered
Your Score History
You have not taken this quiz